Vai trò của pháp luật về giá và sự cần thiết đào tạo pháp luật về giá trong chương trình cử nhân luật /
Guardado en:
| Autor principal: | |
|---|---|
| Otros Autores: | |
| Formato: | Artículo |
| Lenguaje: | Vietnamese |
| Materias: | |
| Etiquetas: |
Agregar Etiqueta
Sin Etiquetas, Sea el primero en etiquetar este registro!
|
| Thư viện lưu trữ: | Thư viện Trường Đại học Đà Lạt |
|---|
| LEADER | 00868nam a2200265 4500 | ||
|---|---|---|---|
| 001 | DLU190190366 | ||
| 005 | ##20190409 | ||
| 040 | # | # | |a DLU |b vie |
| 041 | # | # | |a vie |
| 044 | # | # | |a vn |
| 100 | # | # | |a Trần Vũ Hải. |
| 245 | # | # | |a Vai trò của pháp luật về giá và sự cần thiết đào tạo pháp luật về giá trong chương trình cử nhân luật / |c Trần Vũ Hải, Đào Ánh Tuyết. |
| 653 | # | # | |a Đào tạo |
| 653 | # | # | |a Cử nhân luật |
| 653 | # | # | |a Pháp luật về giá |
| 700 | # | # | |a Đào Ánh Tuyết. |
| 773 | # | # | |t Luật học |g Số 9(208), 2017, tr. 93-100 |
| 920 | # | # | |a Phòng Tạp chí -- Trung tâm Thông tin - Thư viện Trường Đại học Đà Lạt |
| 900 | # | # | |a True |
| 911 | # | # | |a Nguyễn Thị Thu Phương |
| 925 | # | # | |a G |
| 926 | # | # | |a A |
| 927 | # | # | |a BB |
| 980 | # | # | |a Thư viện Trường Đại học Đà Lạt |